| 000 | 00519nam a2200145Ia 4500 | ||
|---|---|---|---|
| 008 | 230917s9999||||xx |||||||||||||| ||und|| | ||
| 040 |
_e169000 _aMAIN |
||
| 041 | _aEnglish | ||
| 082 | _a891.4337209 UM1S | ||
| 100 | _aउपाध्याय, मृत्युंजय | ||
| 245 | 0 | _aस्वांतत्र्योत्तर हिन्दी उपन्यास का स्वरूप | |
| 260 |
_aमथुरा _bअमर प्रकाशन _c2004 |
||
| 300 | _a120 पृ. p. | ||
| 942 | _cHN | ||
| 999 |
_c123386 _d123386 |
||